Thunder Birds /: (Record no. 4833)

MARC details
000 -LEADER
fixed length control field 00973nam a22002657a 4500
001 - CONTROL NUMBER
control field 4833
003 - CONTROL NUMBER IDENTIFIER
control field FISKH
005 - DATE AND TIME OF LATEST TRANSACTION
control field 20241018114356.0
008 - FIXED-LENGTH DATA ELEMENTS--GENERAL INFORMATION
fixed length control field 241017b cb ||||| |||| 00| 0 eng d
020 ## - INTERNATIONAL STANDARD BOOK NUMBER
International Standard Book Number 9781402756610
040 ## - CATALOGING SOURCE
Original cataloging agency FISKH
Language of cataloging eng
Transcribing agency FISKH
Modifying agency FISKH
050 ## - LIBRARY OF CONGRESS CALL NUMBER
Classification number QL677.A76
082 ## - DEWEY DECIMAL CLASSIFICATION NUMBER
Classification number 598.153
100 ## - MAIN ENTRY--PERSONAL NAME
Personal name Arnosky, Jim
245 ## - TITLE STATEMENT
Title Thunder Birds /:
Remainder of title Nature's Flying Predators /
Statement of responsibility, etc. by Jim Arnosky
260 ## - PUBLICATION, DISTRIBUTION, ETC.
Place of publication, distribution, etc. New York :
Name of publisher, distributor, etc. Sterling Publishing Co, Inc ;
Date of publication, distribution, etc. 2011 .
300 ## - PHYSICAL DESCRIPTION
Extent 29 pages :
Other physical details color illustrations;
Dimensions 30 cm .
505 ## - FORMATTED CONTENTS NOTE
Formatted contents note Z <br/>
520 ## - SUMMARY, ETC.
Summary, etc. The author describes and identifies winged predators, and explains why there are no feathers on a vulture's head, which bird is the deep-diving champ, and what makes an owl's wings perfectly silent in flight, in a text with fold-out pages.
521 8# - TARGET AUDIENCE NOTE
Target audience note 1140 <br/>
Source Lexile NC <br/><br/>
521 8# - TARGET AUDIENCE NOTE
Target audience note Z <br/>
Source Raz-Plus <br/>
650 ## - SUBJECT ADDED ENTRY--TOPICAL TERM
Topical term or geographic name entry element birds of prey
Form subdivision non-fiction
942 ## - ADDED ENTRY ELEMENTS (KOHA)
Source of classification or shelving scheme Dewey Decimal Classification
Koha item type Books
Suppress in OPAC No
Holdings
Withdrawn status Lost status Source of classification or shelving scheme Damaged status Not for loan Collection Home library Current library Shelving location Date acquired Total Checkouts Full call number Barcode Date last seen Price effective from Koha item type
    Dewey Decimal Classification     Juvenile Fiction Footprints International School Library Network Toul Kork Campus Footprints International School Library Network Toul Kork Campus TTP Secondary Fiction Bookshelves 10/17/2024   ARN 598.153 QL677.A76 2024-2158 10/17/2024 10/17/2024 Books